Statistics for Guess the Animal from its Eye #2

Click here to take the quiz!

General Stats

  • This quiz has been taken 40 times
  • The average score is 9 of 16

Answer Stats

Answer% Correct
Gorilla
93%
Polar Bear
86%
Snail
86%
Fish
83%
Spider
83%
Horse
76%
Squirrel
66%
Red Panda
62%
Llama
52%
Rabbit
34%
Duck
31%
Opossum
31%
Skunk
31%
Sting Ray
31%
Pelican
28%
Turtle
28%

Score Distribution

Percentile by Number Answered

Percent of People with Each Score

Your Score History

You have not taken this quiz